header

Applied parameter estimation for chemical engineers (Record no. 179619)

MARC details
000 -LEADER
fixed length control field 01275nam a2200325Ia 4500
082 04 - DEWEY DECIMAL CLASSIFICATION NUMBER
Classification number 660
100 1# - MAIN ENTRY--AUTHOR NAME
Personal name Englezos, Peter,
245 10 - TITLE STATEMENT
Title Applied parameter estimation for chemical engineers
260 ## - PUBLICATION, DISTRIBUTION, ETC. (IMPRINT)
Place of publication New York :
Name of publisher M. Dekker,
Year of publication c2001.
300 ## - PHYSICAL DESCRIPTION
Number of Pages xvii, 434 p. :
Other physical details ill.
490 1# - SERIES STATEMENT
Series statement Chemical industries ;
650 #0 - SUBJECT ADDED ENTRY--TOPICAL TERM
Topical Term Parameter estimation.
Topical Term Gaussian processes.
700 1# - ADDED ENTRY--PERSONAL NAME
Personal name Kalogerakis, Nicolas,
856 40 - ELECTRONIC LOCATION AND ACCESS
Uniform Resource Identifier http://site.ebrary.com/lib/rucke/Doc?id=10051215

No items available.

© 2026 Rongo University
Contact us: librarian | system librarian | Rongo university